| 000 | 00661nam a2200121Ia 4500 | ||
|---|---|---|---|
| 008 | 220615s9999||||xx |||||||||||||| ||und|| | ||
| 245 | 0 |
_aArt and Economics in the City _bNew Cultural Maps |
|
| 546 | _aEnglish[eng] | ||
| 650 | _aSociology||Art||Culture||Urban Fabric||Cultural Policy||Tourism||City||Space||Urban Studies||Cultural Studies||Civil Society | ||
| 700 | _aBenincasa, Caterina||Neri, Gianfranco||Trimarchi, Michele | ||
| 856 | _uhttps://library.oapen.org/bitstream/20.500.12657/24998/1/1005104.pdf||https://library.oapen.org/bitstream/20.500.12657/24998/1/1005104.pdf||https://library.oapen.org/bitstream/20.500.12657/24998/1/1005104.pdf | ||
| 942 | _cEB | ||
| 999 |
_c14878 _d14878 |
||